00887nam a2200265 i 45000010005000000030009000050050017000140080039000310400036000700410008001060800007001140800012001211000040001332450107001732500012002802600056002923800016003483880014003646500011003786550030003896580024004197000040004437100041004838560097005245311KOSZ 00520220425093135.0961010s1966 pl f f |000 0 pol cKOSZ 005aKOSZ 005dKOSZ 005/HR apol a53 a(075.8)1 aResnick, Robertd(1923-2014)eAutor10aFizyka :bdla studentów nauk przyrodniczych i technicznych.nT. 1 /cRobert Resnick, David Halliday. aWyd. 2. aWarszawa :bPaństwowe Wydawnictwo Naukowe,c1966. aKsiążki a1901-2000 4aFizyka 4aPodręczniki akademickie aFizyka i astronomia1 aHalliday, Davidd(1916-2010)eAutor7 aPaństwowe Wydawnictwo Naukowe4pbl uhttp://koha.tu.koszalin.pl/cgi-bin/koha/opac-detail.pl?biblionumber=5311yKatalog online BPK